[Event "1994/95 Cepacol Australian Open"]
[Site "Kings Perth Hotel"]
[Date "1995.01.06"]
[Round "8"]
[White "Wastell, Gary"]
[Black "Field, Jason"]
[Result "1-0"]
[WhiteElo "1864"]
[BlackElo "1786"]

1.e4 e6 2.d3 d5 3.Nd2 c5 4.Ngf3 Nc6 5.g3 Nf6 6.Bg2 Be7 7.O-O O-O 8.Re1 Qc7
9.e5 Nd7 10.Qe2 b5 11.Nf1 a5 12.h4 Nd4 13.Nxd4 cxd4 14.Bf4 Ba6 15.Nh2 Rfc8
16.Bxd5 Rab8 17.Rac1 exd5 18.e6 Bd6 19.exd7 Qxd7 20.Bxd6 Qxd6 21.Qe7 Qxe7 
22.Rxe7 b4 23.Rce1 Kf8 24.Ra7 Ra8 25.Rxa8 Rxa8 26.Nf3 Rc8 27.Nxd4 a4 28.
Re2 a3 29.b3 Rc3 30.Kf1 Bc8 31.Ke1 f6 32.Kd2 Bd7 33.f3 Kf7 34.g4 Rc8 35.
Rg2 h6 36.f4 h5 37.g5 Bg4 38.Rg1 Ke7 39.Re1+ Kd7 40.Re3 fxg5 41.fxg5 Rf8 
42.Re1 Rf2+ 43.Ke3 Rh2 44.Rf1 Rh3+ 45.Kf4 Rxh4 46.Ke5 Rh2 47.Rf7+ Ke8 48.
Rxg7 h4 49.Rh7 Rh1 50.Nc6 h3 51.Nxb4 Bf3 52.Kd4 h2 53.c3 Bg2 54.Nxd5 Ra1 
55.Rxh2 Rxa2 56.Rh8+ Kf7 57.Ra8 Ra1 58.g6+ Kg7 59.Ra7+ Kg8 60.Nf6+ 1-0

[Event "1994/95 Cepacol Australian Open"]
[Site "Kings Perth Hotel"]
[Date "1995.01.06"]
[Round "8"]
[White "Haasse, Adam"]
[Black "Andrews, Charlie"]
[Result "1-0"]
[WhiteElo "1659"]
[BlackElo "1577"]

1.e4 d6 2.d4 g6 3.Nf3 Bg7 4.Be2 Nf6 5.Nc3 O-O 6.h3 e5 7.Be3 Nbd7 8.O-O Nh5
9.Qd2 Nf4 10.Bxf4 exf4 11.Qxf4 a6 12.Rad1 b5 13.a3 Qe8 14.Rfe1 Bb7 15.Bd3 
Nf6 16.g4 Qd7 17.e5 Ne8 18.Be4 d5 19.Bd3 h5 20.Kg2 hxg4 21.hxg4 Bc8 22.Nh2
c6 23.Ne2 Nc7 24.f3 Qe7 25.Qg3 c5 26.f4 Bh6 27.g5 Bg7 28.Ng4 Qd7 29.Kf3 
Re8 30.Rh1 Kf8 31.Nf6 Qe7 32.Rh7 Bf5 33.Bxf5 gxf5 34.Qh4 Qd8 35.Rxg7 Ke7 
36.Rxf7+ Kxf7 37.Qh7+ Kf8 38.Qg8+ Ke7 39.Qg7+ 1-0

[Event "1994/95 Cepacol Australian Open"]
[Site "Kings Perth Hotel"]
[Date "1995.01.06"]
[Round "8"]
[White "Teh, Sulyn"]
[Black "Silas, Frank"]
[Result "0-1"]
[WhiteElo "1531"]
[BlackElo "1780"]

1.e4 e5 2.Nf3 d6 3.d4 f5 4.exf5 e4 5.Ng5 Bxf5 6.Nc3 d5 7.g3 Nf6 8.Bg2 Be7 
9.Bf4 O-O 10.Qe2 h6 11.Nh3 Nc6 12.Qd2 Qd7 13.Ng1 a6 14.h4 Rae8 15.O-O-O 
Bb4 16.f3 exf3 17.Bxf3 Na5 18.Nge2 Nc4 19.Qe1 Be4 20.Qf1 c6 21.Rg1 Qe7 22.
Nb1 Bxf3 0-1

[Event "1994/95 Cepacol Australian Open"]
[Site "Kings Perth Hotel"]
[Date "1995.01.06"]
[Round "8"]
[White "Chambers, Matthew"]
[Black "McMahon, Denis"]
[Result "1-0"]
[WhiteElo "1750"]
[BlackElo "1560"]

1.d4 Nf6 2.Nf3 e6 3.c4 Bb4+ 4.Bd2 Bxd2+ 5.Qxd2 c6 6.Nc3 d5 7.e3 Nbd7 8.Bd3
dxc4 9.Bxc4 b5 10.Bd3 a5 11.O-O Ba6 12.Rac1 O-O 13.Rfe1 Re8 14.Ne4 Nb8 15.
Ne5 Nxe4 16.Bxe4 Qh4 17.Bxc6 Nxc6 18.Nxc6 Bb7 19.f3 b4 20.Rc5 Rec8 21.Rec1
f5 22.Nxa5 Rxc5 23.Rxc5 Bd5 24.b3 g5 25.Qf2 Qh6 26.Nc6 Qf8 27.Nxb4 Bxb3 
28.Qb2 Ba4 29.Nd3 h5 30.Ne5 Rb8 31.Qc1 g4 32.Rc7 gxf3 33.Nxf3 Qd8 34.Qc4 
Rb1+ 35.Kf2 Rb2+ 36.Kg3 f4+ 37.exf4 Qf6 38.Rc8+ Kg7 39.Qc7+ Kh6 40.Ng5 h4+
41.Kxh4 Bc2 42.Qd6 Bg6 43.Rf8 Rb6 44.Rxf6 Rxd6 45.Nxe6 Ra6 46.f5 Rxa2 47.
Rxg6+ 1-0

[Event "1994/95 Cepacol Australian Open"]
[Site "Kings Perth Hotel"]
[Date "1995.01.06"]
[Round "8"]
[White "Shaw, Robin"]
[Black "Pavlovic, Mick"]
[Result "1-0"]
[WhiteElo "1725"]
[BlackElo "1589"]

1.e4 c5 2.d4 cxd4 3.c3 dxc3 4.Nxc3 Nc6 5.Nf3 d6 6.Bc4 Nf6 7.e5 Nxe5 8.Nxe5
e6 9.Bb5+ Bd7 10.Nxd7 Nxd7 11.O-O a6 12.Ba4 Be7 13.Bf4 d5 14.Re1 O-O 15.
Rc1 Bf6 16.Qg4 Rc8 17.Red1 Rc4 18.Bxd7 Qxd7 19.Nxd5 Qxd5 20.Rxd5 exd5 21.
Rxc4 dxc4 22.Qe2 b5 23.g3 c3 24.bxc3 Bxc3 25.Qe7 b4 26.Bd6 Rc8 27.Bxb4 
Bxb4 28.Qxb4 Rc1+ 29.Kg2 1-0

[Event "1994/95 Cepacol Australian Open"]
[Site "Kings Perth Hotel"]
[Date "1995.01.06"]
[Round "8"]
[White "Van Rooy, Andrew"]
[Black "Ninchich, Milan"]
[Result "1/2-1/2"]
[WhiteElo "1676"]
[BlackElo "1563"]

1.Nf3 Nf6 2.g3 d6 3.d4 c6 4.Bg2 e6 5.O-O Be7 6.c4 O-O 7.Nc3 d5 8.cxd5 exd5
9.a3 Nbd7 10.b4 Re8 11.Bg5 h6 12.Bxf6 Bxf6 13.e3 h5 14.h4 g6 15.b5 Bg7 16.
bxc6 bxc6 17.Qa4 Qc7 18.Rfc1 Qd6 19.Nd2 Nb6 20.Qa5 Bh6 21.Na4 Bd7 22.Nxb6 
axb6 23.Qxb6 Rxa3 24.Qb2 Rxa1 25.Rxa1 Rb8 26.Qc3 Bg7 27.Ra7 c5 28.Qxc5 
Qxc5 29.dxc5 Be6 30.c6 Bf8 31.Ra1 Rc8 32.Rc1 Bd6 33.Nb3 Bc7 34.Nd4 Kf8 35.
Kf1 Ke7 36.Ke2 Rb8 37.Rc2 Rb6 38.Kd3 Kd6 39.Kc3 Rb8 40.Kd3 Rb1 41.Bf3 Bc8 
42.e4 Ba6+ 43.Kd2 Ba5+ 44.Ke3 dxe4 45.Kxe4 Rb4 46.Ra2 Bb6 47.Rxa6 Bxd4 48.
Kd3 Bxf2 49.Kc3 Rb8 50.Ra2 Bxg3 1/2-1/2

[Event "1994/95 Cepacol Australian Open"]
[Site "Kings Perth Hotel"]
[Date "1995.01.06"]
[Round "8"]
[White "Fonteneau, Andrew"]
[Black "Paxman, Jonathan"]
[Result "1-0"]
[WhiteElo "1482"]
[BlackElo "1612"]

1.e4 e6 2.d4 d5 3.Nd2 Nf6 4.e5 Nfd7 5.Bd3 c5 6.c3 Nc6 7.Ne2 f6 8.exf6 Nxf6
9.O-O cxd4 10.cxd4 Bd6 11.Nf3 O-O 12.Bf4 Nh5 13.Bxd6 Qxd6 14.Nc3 Qf4 15.
Ne2 Qh6 16.Qc1 Nf4 17.Nxf4 Rxf4 18.Rd1 Qf6 19.Qe3 Bd7 20.a3 Re8 21.Rac1 e5
22.dxe5 Nxe5 23.Nxe5 Rxe5 24.Qxa7 Bc6 25.Re1 Rxe1+ 26.Rxe1 g6 27.Qb8+ Qf8 
28.Qxf8+ Kxf8 29.Kf1 b5 30.Re6 Be8 31.Rb6 b4 32.Rxb4 Rxb4 33.axb4 Ke7 34.
Ke2 Kd6 35.Ke3 g5 36.Bxh7 Ke5 37.g3 d4+ 38.Kd2 g4 39.Bd3 Bc6 40.b5 Bd5 41.
Be2 Be6 42.b6 Bc8 43.Bxg4 1-0

[Event "1994/95 Cepacol Australian Open"]
[Site "Kings Perth Hotel"]
[Date "1995.01.06"]
[Round "8"]
[White "Whitehead, Paul "]
[Black "Tindall, Brett"]
[Result "0-1"]
[WhiteElo "1536"]
[BlackElo "1851"]

1.d4 Nf6 2.c4 c5 3.d5 e5 4.Nc3 d6 5.e4 Be7 6.Bd3 O-O 7.Nge2 Ne8 8.Ng3 g6 
9.Bh6 Ng7 10.Qd2 Na6 11.O-O-O Nc7 12.f4 exf4 13.Bxf4 a6 14.a4 Bd7 15.Kc2 
b5 16.b3 bxa4 17.Nxa4 Bxa4 18.bxa4 Qd7 19.Ra1 Bf6 20.e5 dxe5 21.Ne4 Qf5 
22.Bh6 Bd8 23.Rhf1 Qc8 24.Nxc5 Nxd5 25.Be4 Qxc5 26.Bxd5 Rc8 27.Rf3 Ba5 28.
Qd3 Qb4 29.Rf6 Rb8 30.Bc1 e4 31.Qd4 0-1

[Event "1994/95 Cepacol Australian Open "]
[Site "Kings Perth Hotel "]
[Date "1995.01.06"]
[Round "8"]
[White "Macey, Daniel"]
[Black "Klimenko, Veronica"]
[Result "1-0"]
[WhiteElo "1586"]
[BlackElo "1722"]

1.d4 Nf6 2.Nf3 g6 3.c4 Bg7 4.Nc3 O-O 5.e4 d6 6.Be2 b6 7.h3 Bb7 8.Qc2 c5 9.
Be3 Nc6 10.d5 Nb4 11.Qd2 Nd7 12.a3 Na6 13.h4 Ne5 14.Ng5 h6 15.Nh3 Kh7 16.
f4 Nd7 17.h5 gxh5 18.Bxh5 Nf6 19.Bf3 Rh8 20.O-O-O Kg8 21.g4 Bc8 22.g5 hxg5
23.Nxg5 Rxh1 24.Rxh1 Bg4 25.Qg2 Bxf3 26.Qxf3 Qc8 27.f5 Nb8 28.Qg3 Qf8 29.
Rg1 Nbd7 30.Nf3 Nh5 31.Qg2 Nhf6 32.Qh3 Ne8 33.Bh6 Ndf6 34.Ne2 Nxe4 35.Bxg7
Nxg7 36.Rh1 f6 37.Qh7+ Kf7 38.Qg6+ Kg8 39.Nf4 Qe8 40.Qh7+ 1-0

[Event "1994/95 Cepacol Australian Open"]
[Site "Kings Perth Hotel"]
[Date "1995.01.06"]
[Round "8"]
[White "Dix, Peter"]
[Black "Klugman, Matthew"]
[Result "1-0"]
[WhiteElo "1787"]
[BlackElo "1626"]

1.e4 e5 2.Nf3 Nc6 3.Bb5 f5 4.d3 d6 5.Nc3 Nf6 6.O-O Be7 7.Re1 O-O 8.Bc4+ 
Kh8 9.Ng5 Qe8 10.Ne6 Bxe6 11.Bxe6 f4 12.Nd5 Nxd5 13.exd5 Nd4 14.Bg4 Qg6 
15.c3 f3 16.Bh3 Ne2+ 17.Rxe2 fxe2 18.Qxe2 Bg5 19.Qg4 Bxc1 20.Qxg6 hxg6 21.
Rxc1 g5 22.Rc2 Rae8 23.Re2 a6 24.f3 Re7 25.Be6 a5 26.h3 b5 27.Kf2 c5 28.
Ke3 c4 29.Rc2 Rc7 30.Rc1 Rb8 31.Bf5 b4 32.dxc4 bxc3 33.b3 a4 34.Bc2 axb3 
35.Bxb3 Kh7 36.Rxc3 Kh6 37.Rc2 Kh5 38.Kf2 Rf8 39.Kg3 Rf4 40.Re2 Rd4 41.Kf2
Kh4 42.Ke3 Kg3 43.Rb2 Re7 44.Re2 Rh4 45.Kd3 Rf4 46.Bc2 Kh2 47.Kc3 Rd4 48.
a4 Rc7 49.Bd3 Kg3 50.Ra2 Kf4 51.a5 Ke3 52.Be2 Rf4 53.a6 Rf8 54.Bd1 Ra7 55.
Bc2 Rfa8 56.Be4 Rxa6 57.Rxa6 Rxa6 58.c5 dxc5 59.Kc4 Ra1 60.Kxc5 Rc1+ 61.
Kb6 Rg1 62.g4 Rd1 63.Kc7 Rc1+ 64.Kd8 Rd1 65.Ke7 1-0

[Event "1994/95 Cepacol Australian Open"]
[Site "Kings Perth Hotel"]
[Date "1995.01.06"]
[Round "8"]
[White "Lamberts, Gunars"]
[Black "List, Ross"]
[Result "1/2-1/2"]
[WhiteElo "1484"]
[BlackElo "1651"]

1.d4 f5 2.e3 Nf6 3.Nf3 g6 4.Bd3 Bg7 5.c3 d6 6.Nbd2 Nc6 7.O-O O-O 8.h3 Kh8 
9.e4 e5 10.d5 Ne7 11.c4 Rg8 12.b4 Bh6 13.Re1 f4 14.Bb2 g5 15.Nh2 g4 16.
Nxg4 Nxg4 17.hxg4 Bxg4 18.f3 Bd7 19.Bf1 Bg5 20.Qc2 Bh4 21.Red1 Bg3 22.Bd3 
Qe8 23.Nf1 Ba4 24.Qd2 Bxd1 25.Nxg3 Bxf3 26.Qxf4 Qg6 27.Qxf3 Qxg3 28.Qf6+ 
Rg7 29.Bf1 Qe3+ 30.Kh1 Qd2 31.Bc1 Qd1 32.Bh6 Qh5+ 33.Kg1 Qg6 34.Qxg7+ Qxg7
35.Bxg7+ Kxg7 36.Be2 Ng8 37.a4 Nf6 38.Bf3 a5 39.b5 Nd7 40.Kf2 Rf8 41.Ke3 
Kg6 42.Rc1 Nc5 43.Ra1 Kg5 44.g3 Rf6 45.Rh1 Kg6 46.Bh5+ Kg7 47.Bd1 Rg6 48.
Kf3 Nd3 49.Bb3 Rf6+ 50.Ke3 Nf2 51.Rh4 1/2-1/2

[Event "1994/95 Cepacol Australian Open"]
[Site "Kings Perth Hotel"]
[Date "1995.01.08"]
[Round "9"]
[White "Dinh Duc Trong"]
[Black "Wohl, Aleksandar H"]
[Result "1-0"]
[WhiteElo "2200"]
[BlackElo "2305"]

1.c4 e5 2.Nc3 Nc6 3.g3 g6 4.Bg2 Bg7 5.e3 d6 6.Nge2 Nge7 7.d4 exd4 8.exd4 
O-O 9.O-O Bf5 10.Be3 a6 11.Qd2 Re8 12.Rac1 Bd7 13.Bg5 Qb8 14.Ne4 Kh8 15.
Nf6 Rd8 16.d5 Ne5 17.f4 Ng4 18.Nxg4 Bxg4 19.Bxe7 Re8 20.h3 Bxe2 21.Qxe2 
Qc8 22.Rce1 Qd7 23.Rf3 Kg8 24.Kh2 b5 25.Re3 h6 26.b3 b4 27.Bh4 Rxe3 28.
Qxe3 Bf8 29.Bf6 a5 30.Bb2 Bg7 31.Bxg7 Kxg7 32.c5 Qf5 33.Qe7 a4 34.cxd6 
cxd6 35.Qxd6 axb3 36.axb3 Qc2 37.Qxb4 Ra2 38.Qe4 Qxb3 39.d6 Rd2 40.Qe5+ 
Kh7 41.Re2 Rd1 42.f5 gxf5 43.Qxf5+ Kg7 44.Qg4+ Kf8 45.Re8+ 1-0

[Event "1994/95 Cepacol Australian Open"]
[Site "Kings Perth Hotel"]
[Date "1995.01.08"]
[Round "9"]
[White "Byrne, Stewart"]
[Black "Fitzpatrick, Simon"]
[Result "1-0"]
[WhiteElo "2175"]
[BlackElo "2020"]

1.d4 d5 2.c4 e6 3.Nc3 c5 4.cxd5 cxd4 5.Qa4+ Bd7 6.Qxd4 exd5 7.Qxd5 Nc6 8.
Nf3 Nf6 9.Qd1 Bc5 10.e3 Qe7 11.Be2 O-O-O 12.O-O g5 13.b4 Bxb4 14.Bb2 g4 
15.Nd4 h5 16.Ncb5 Kb8 17.Rc1 a6 18.Nxc6+ Bxc6 19.Nd4 Bd5 20.Bc4 Bxc4 21.
Rxc4 Rd5 22.Qb3 Bd6 23.Nc6+ 1-0

[Event "1994/95 Cepacol Australian Open"]
[Site "Kings Perth Hotel"]
[Date "1995.01.08"]
[Round "9"]
[White "Maris, Rob"]
[Black "Ellis, David"]
[Result "0-1"]
[WhiteElo "1821"]
[BlackElo "1943"]

1.d4 e6 2.c4 Bb4+ 3.Nc3 f5 4.g3 Nf6 5.Bg2 O-O 6.Nf3 Bxc3+ 7.bxc3 d6 8.O-O 
Ne4 9.Qd3 Qe7 10.Nd2 Nxd2 11.Bxd2 e5 12.f4 e4 13.Qc2 h5 14.Be3 c6 15.Rfd1 
Nd7 16.d5 c5 17.h4 Nb6 18.Qb3 Bd7 19.a4 Qe8 20.Rdb1 Bxa4 21.Qa2 Bd7 22.Bf1
Rb8 23.Qxa7 Nxc4 24.Bc1 b5 25.e3 Ra8 26.Qc7 Qd8 27.Ra7 Qxc7 28.Rxc7 Rf7 
29.Bxc4 bxc4 30.Rbb7 Ra1 31.Rxd7 Rxc1+ 32.Kf2 Rxd7 33.Rxd7 Rxc3 34.Rxd6 
Rd3 35.Ra6 Rxd5 36.Ra4 Rd2+ 37.Ke1 Rg2 38.Rxc4 Rxg3 39.Kf2 Rf3+ 40.Ke2 Kh7
41.Rxc5 g6 42.Rc7+ Kh6 43.Rc6 Rh3 44.Kf2 Rxh4 45.Kg2 Rg4+ 46.Kf2 h4 47.Rc8
Kg7 48.Rc7+ Kf6 49.Rh7 Ke6 50.Rh8 Kd5 51.Rh7 Ke6 52.Ra7 Rg3 53.Rh7 Rf3+ 
54.Ke2 Rh3 55.Rh8 Rh2+ 56.Ke1 Ke7 57.Rh6 Kf7 58.Rh7+ Kg8 59.Ra7 Rb2 60.Rc7
h3 61.Rc8+ Kg7 62.Rc7+ Kh6 63.Rc8 Kh5 64.Rh8+ Kg4 65.Rh6 h2 66.Rxg6+ Kf3 
0-1

[Event "1994/95 Cepacol Australian Open"]
[Site "Kings Perth Hotel"]
[Date "1995.01.08"]
[Round "9"]
[White "Salter, Michael"]
[Black "Teh, Eu-Jin"]
[Result "1/2-1/2"]
[WhiteElo "1883"]
[BlackElo "1862"]

1.e4 c6 2.d4 d5 3.exd5 cxd5 4.c4 Nf6 5.Nc3 e6 6.Nf3 Bb4 7.Bd3 dxc4 8.Bxc4 
O-O 9.O-O a6 10.Bg5 b5 11.Bd3 Bb7 12.Ne5 Bxc3 13.Bxf6 Qxf6 1/2-1/2

[Event "1994/95 Cepacol Australian Open"]
[Site "Kings Perth Hotel"]
[Date "1995.01.08"]
[Round "9"]
[White "Hirschhorn, Jeremy"]
[Black "Silas, Frank"]
[Result "1-0"]
[WhiteElo "1987"]
[BlackElo "1780"]

1.e4 e5 2.f4 exf4 3.Bc4 Qh4+ 4.Kf1 d6 5.Nf3 Qe7 6.Nc3 Be6 7.Qe2 Nd7 8.d4 
Bxc4 9.Qxc4 Nb6 10.Qd3 g5 11.Qb5+ c6 12.Qxg5 Bh6 13.Qxe7+ Nxe7 14.Ne2 f5 
15.exf5 Nxf5 16.Nxf4 O-O 17.g3 Rae8 18.Kf2 Nd5 19.Nxd5 Bxc1 20.Raxc1 cxd5 
21.Rce1 Rxe1 22.Nxe1 Nxd4+ 23.Ke3 Nc6 24.Nd3 Re8+ 25.Kd2 Ne5 26.Rf1 Nc4+ 
27.Kc1 Re2 28.Rf2 Rxf2 29.Nxf2 Kf7 30.h3 h5 31.Nd3 Kf6 32.Nf4 Kg5 33.Nxd5 
h4 34.gxh4+ Kxh4 35.b3 Ne5 36.Ne7 Kxh3 37.Nc8 Nf7 38.Nxa7 Kg4 39.Kd2 Kf5 
40.Nb5 Ke6 41.Ke3 Kd5 42.c3 Ne5 43.Nc7+ Kc6 44.Ne6 Kd7 45.Nf4 Kc6 46.Nd3 
Nd7 47.Kd4 Nb6 48.Nb4+ Kd7 49.Nd5 Nc8 50.Kc4 Kc6 51.a4 Na7 52.Ne7+ Kd7 53.
Nf5 Kc6 54.Nd4+ Kd7 55.Kb4 Nc8 56.Kb5 Kc7 57.b4 Kd7 58.a5 Kc7 59.Kc4 Kd7 
60.b5 Kc7 61.b6+ Kd7 62.Kb5 Ne7 63.a6 bxa6+ 64.Kxa6 Nd5 65.b7 Kc7 66.Ka7 
1-0

[Event "1994/95 Cepacol Australian Open"]
[Site "Kings Perth Hotel"]
[Date "1995.01.08"]
[Round "9"]
[White "Hanks, John N"]
[Black "Haasse, Adam"]
[Result "1-0"]
[WhiteElo "1903"]
[BlackElo "1659"]

1.d4 Nf6 2.c4 g6 3.Nc3 Bg7 4.e4 d6 5.Nge2 O-O 6.Ng3 e5 7.d5 Ne8 8.Be2 f5 
9.exf5 gxf5 10.f4 Qh4 11.O-O e4 12.Be3 Rf6 13.Rf2 Nd7 14.Nf1 Rh6 15.g3 Qe7
16.Rg2 Ndf6 17.Bd4 b6 18.Ne3 Rg6 19.Qd2 Ng4 20.Bxg4 fxg4 21.Bxg7 Nxg7 22.
Re1 Bd7 23.Nc2 Qf6 24.Qd4 Qf8 25.Rxe4 Bf5 26.Re1 Ne8 27.Qd2 Nf6 28.Nd4 Nd7
29.Re3 Qf6 30.Rge2 Rf8 31.Re8 Nc5 32.Nxf5 Qxf5 33.Rxf8+ Kxf8 34.Qe3 Kg7 
35.Qe7+ Qf7 36.Qxf7+ Kxf7 37.Nb5 Nd3 38.b3 Rg8 39.Nxc7 a5 40.Nb5 a4 41.
Nxd6+ Kg7 42.Re7+ Kg6 43.Re6+ Kg7 44.Nf5+ Kf8 45.d6 axb3 46.axb3 Nc5 47.
Re7 Rg6 48.d7 Nxd7 49.Rxd7 Re6 50.Kf2 b5 51.cxb5 Rb6 52.Nd4 h5 53.Rh7 Rd6 
54.Ke3 Rd5 55.Ke4 Rd6 56.Ke5 Rg6 57.Ne6+ Ke8 58.Kd6 1-0

[Event "1994/95 Cepacol Australian Open"]
[Site "Kings Perth Hotel"]
[Date "1995.01.08"]
[Round "9"]
[White "Wastell, Gary"]
[Black "Low, Sam"]
[Result "0-1"]
[WhiteElo "1864"]
[BlackElo "1852"]

1.Nf3 c5 2.g3 g6 3.c3 Bg7 4.d4 cxd4 5.cxd4 d5 6.Bg2 Nc6 7.O-O Bg4 8.Nc3 e6
9.e3 Nf6 10.b3 Ne4 11.Bb2 O-O 12.h3 Bxf3 13.Bxf3 Nxc3 14.Bxc3 Rc8 15.Rc1 
Qd6 16.Qd2 Rc7 17.Rfd1 Rfc8 18.Bb2 Qb4 19.Rc3 Nxd4 20.exd4 Rxc3 21.Be2 a5 
22.Bxc3 Qxc3 23.Qf4 Qb2 24.Rd2 Qc1+ 25.Kg2 Bh6 26.Qxh6 Rc2 27.Rxc2 Qxh6 
28.Rc8+ Kg7 29.f4 g5 30.fxg5 Qxg5 0-1

[Event "1994/95 Cepacol Australian Open"]
[Site "Kings Perth Hotel"]
[Date "1995.01.08"]
[Round "9"]
[White "Harp, Joel"]
[Black "Stubbs, Mike"]
[Result "1-0"]
[WhiteElo "1728"]
[BlackElo "1588"]

1.d4 Nf6 2.c4 g6 3.Nc3 Bg7 4.e4 d6 5.Be2 O-O 6.Nf3 Bg4 7.O-O Bxf3 8.Bxf3 
e5 9.Be3 Nc6 10.d5 Ne7 11.b4 Nd7 12.Be2 f5 13.f3 f4 14.Bf2 Nf6 15.c5 Kh8 
16.Qb3 g5 17.Rac1 h5 18.cxd6 cxd6 19.Nb5 Ne8 20.Nxa7 Rxa7 21.Bxa7 b6 22.
Qc4 Bh6 23.Qa6 g4 24.Bxb6 1-0

[Event "1994/95 Cepacol Australian Open"]
[Site "Kings Perth Hotel"]
[Date "1995.01.08"]
[Round "9"]
[White "COMP Novag Diamond"]
[Black "Chambers, Matthew"]
[Result "1-0"]
[WhiteElo "2100"]
[BlackElo "1750"]

1.d4 Nf6 2.c4 g6 3.Nc3 Bg7 4.e4 d6 5.f4 O-O 6.Nf3 c5 7.d5 e6 8.dxe6 fxe6 
9.Be2 Nh5 10.g3 a6 11.e5 dxe5 12.Qxd8 Rxd8 13.fxe5 Bf8 14.Bg5 Re8 15.g4 
Ng7 16.Ne4 Kh8 17.O-O-O Nd7 18.Rhf1 Rb8 19.Nf6 Re7 20.Ne1 1-0

[Event "1994/95 Cepacol Australian Open"]
[Site "Kings Perth Hotel"]
[Date "1995.01.08"]
[Round "9"]
[White "Koshnitsky, Ngan"]
[Black "Shaw, Robin"]
[Result "1-0"]
[WhiteElo "1948"]
[BlackElo "1725"]

1.d4 f5 2.c4 Nf6 3.Nc3 g6 4.Nf3 Bg7 5.g3 e6 6.d5 d6 7.dxe6 Bxe6 8.Qb3 Nc6 
9.Ng5 Bg8 10.Bg2 Na5 11.Qa4+ c6 12.O-O Nxc4 13.e4 h6 14.Nh3 fxe4 15.Nxe4 
d5 16.Nc5 Qe7 17.Nd3 O-O-O 18.Qxa7 g5 19.b3 Nd7 20.bxc4 Bxa1 21.Ba3 Qe2 
22.Bd6 Nb6 23.Qb8+ Kd7 24.Qc7+ Ke8 25.Re1 Qxe1+ 26.Nxe1 Rd7 27.Qxb6 Rxd6 
28.Nc2 Be5 29.Qe3 Re6 30.cxd5 cxd5 31.Bxd5 Re7 32.Nb4 Bf4 33.Qb3 1-0

[Event "1994/95 Cepacol Australian Open"]
[Site "Kings Perth Hotel"]
[Date "1995.01.08"]
[Round "9"]
[White "Field, Jason"]
[Black "Cordover, David"]
[Result "1/2-1/2"]
[WhiteElo "1786"]
[BlackElo "1688"]

1.e4 c5 2.Nf3 Nc6 3.Bb5 d6 4.O-O g6 5.c3 a6 6.Bxc6+ bxc6 7.d4 cxd4 8.cxd4 
Bg7 9.h3 e5 10.dxe5 dxe5 11.Qxd8+ Kxd8 12.Rd1+ Kc7 13.Na3 f6 14.Be3 Be6 
15.Bc5 Nh6 16.Nd2 Nf7 17.Ndc4 Rab8 18.Rd3 Bf8 19.Bxf8 Rhxf8 20.Rc1 Rfd8 
21.Rdc3 Rd4 22.Na5 Rxb2 23.Nxc6 Rxe4 24.Nd4+ Kd7 25.Rc7+ Kd6 26.R7c6+ Kd7 
27.Rc7+ Kd6 28.R1c6+ Kd5 29.Nxe6 Re1+ 30.Kh2 Rxf2 31.Rc2 Rxc2 32.Nxc2 Re2 
33.Nf8 Ng5 34.h4 Nf3+ 35.Kg3 Nd4 36.Nb4+ Ke4 37.Nxa6 Nf5+ 38.Kh3 Ne3 39.
Rc1 Nxg2 40.Nc5+ Kf5 41.Nxh7 Nf4+ 42.Kg3 e4 43.Nxe4 Rxe4 44.Rc5+ Re5 45.
Rxe5+ fxe5 46.a4 Ne6 47.a5 Nc5 48.Kf3 e4+ 49.Ke3 Kg4 50.Ng5 Kf5 51.Nh3 Kg4
52.Nf2+ Kf5 53.Nd1 Kg4 54.Nc3 Kxh4 55.Nxe4 Na6 56.Kd4 Kg4 57.Kc4 Kf4 58.
Nf6 Ke5 59.Kb5 Kxf6 60.Kxa6 g5 61.Kb7 g4 62.a6 g3 63.a7 g2 64.a8=Q g1=Q 
65.Qf8+ Ke5 1/2-1/2

[Event "1994/95 Cepacol Australian Open"]
[Site "Kings Perth Hotel"]
[Date "1995.01.08"]
[Round "9"]
[White "Macey, Daniel"]
[Black "Dunlop, Gordon"]
[Result "0-1"]
[WhiteElo "1586"]
[BlackElo "1783"]

1.d4 d5 2.c4 e6 3.Nc3 Nf6 4.Bg5 Be7 5.Nf3 h6 6.Bh4 O-O 7.e3 b6 8.Be2 Bb7 
9.O-O Nbd7 10.cxd5 Nxd5 11.Bxe7 Qxe7 12.Nxd5 Bxd5 13.Nd2 e5 14.e4 Bb7 15.
d5 c6 16.dxc6 Bxc6 17.Rc1 Rac8 18.Bg4 Rfd8 19.Qe2 Rc7 20.Rc3 Nf6 21.Rfc1 
Nxg4 22.Rxc6 Rxc6 23.Rxc6 Qd7 24.Rc2 Nf6 25.h3 Qb7 26.Qc4 Rd4 27.Qc8+ Qxc8
28.Rxc8+ Kh7 29.Nc4 Rxe4 30.Kf1 Rd4 31.Nxe5 Rd2 32.Rc7 a5 33.b3 Rxa2 34.
Rb7 Nd5 35.Nc4 b5 36.Rxb5 Ra1+ 0-1

[Event "1994/95 Cepacol Australian Open"]
[Site "Kings Perth Hotel"]
[Date "1995.01.08"]
[Round "9"]
[White "Jahangirian, Mohammad"]
[Black "Pilgrim, Robert"]
[Result "1-0"]
[WhiteElo "1729"]
[BlackElo "1608"]

1.e4 c5 2.Nf3 d6 3.d4 cxd4 4.Nxd4 Nf6 5.Nc3 Nc6 6.Bg5 e5 7.Nf3 Be7 8.Bxf6 
Bxf6 9.Nd5 O-O 10.h4 Nd4 11.Nxd4 exd4 12.Bd3 Re8 13.Qf3 Qa5+ 14.Kf1 Be5 
15.g4 Be6 16.b4 Qd8 17.g5 Bxd5 18.exd5 g6 19.Rg1 Rc8 20.Kg2 Bg7 21.Kh1 Re5
22.Qg4 Qe8 23.f4 Re3 24.f5 Qe5 25.f6 Qxd5+ 26.Rg2 Rce8 27.fxg7 Re1+ 28.
Rxe1 Rxe1+ 29.Kh2 Kxg7 30.a4 Re3 31.Re2 Qe5+ 32.Kg2 Rxe2+ 33.Bxe2 Qe3 34.
b5 Qd2 35.Qe4 h5 36.Qd3 Qf4 37.Qg3 Qd2 38.Qf2 Qxc2 39.Qxd4+ Kg8 40.Kf2 
Qf5+ 41.Bf3 b6 42.Ke3 Qh3 43.Qe4 Qg3 44.Kd3 Qf2 45.Qe8+ Kg7 46.Qe4 Qg3 47.
Kc4 Qh2 48.Kd5 Kg8 49.Be2 Kf8 50.Kc6 Qf2 51.Kxd6 Qc5+ 52.Kd7 Kg8 53.Bc4 
Kg7 54.Bd5 1-0

[Event "1994/95 Cepacol Australian Open"]
[Site "Kings Perth Hotel"]
[Date "1995.01.08"]
[Round "9"]
[White "Dwyer, Daniel"]
[Black "Teh, Sulyn"]
[Result "0-1"]
[WhiteElo "1718"]
[BlackElo "1531"]

1.c4 e6 2.e4 Ne7 3.Nc3 d5 4.cxd5 exd5 5.exd5 Nxd5 6.Qf3 Nf6 7.Bc4 Be7 8.
Nge2 O-O 9.Nd5 Nc6 10.Nxe7+ Qxe7 11.Qc3 Ne5 12.d4 Nxc4 13.Qxc4 Re8 14.f3 
Be6 15.Qc2 Bf5 16.Qc4 c6 17.a4 Nd5 18.Ra3 Nb6 19.Bg5 Qxa3 0-1

[Event "1994/95 Cepacol Australian Open"]
[Site "Kings Perth Hotel"]
[Date "1995.01.08"]
[Round "9"]
[White "Andrews, Charlie"]
[Black "Van Rooy, Andrew"]
[Result "0-1"]
[WhiteElo "1577"]
[BlackElo "1676"]

1.e4 c5 2.d4 cxd4 3.c3 dxc3 4.Nxc3 Nc6 5.Bc4 g6 6.Nf3 Bg7 7.O-O d6 8.Qe2 
Nf6 9.Rd1 Qa5 10.Nb5 O-O 11.Bd2 Qb6 12.Be3 Qa5 13.Bd2 Qb6 14.Be3 Qa5 15.
Bd2 Qd8 16.Bf4 a6 17.Nc3 Qa5 18.Nd5 Bg4 19.e5 dxe5 20.Bxe5 Bxf3 21.gxf3 
Nxe5 22.Qxe5 Nxd5 23.Qxd5 b5 24.Bb3 Bxb2 25.Rab1 Bf6 26.Qe4 Rfd8 27.Rd5 e6
28.Rc5 Qd2 29.Rd1 Qb2 30.Rd7 Rxd7 31.Qxa8+ Rd8 32.Qxa6 Bh4 33.Rc2 Qe5 34.
Rc1 Rd2 35.Qc8+ Kg7 36.Qc3 Bxf2+ 37.Kf1 Qxc3 38.Rxc3 Bb6 39.Rc2 Rd1+ 40.
Ke2 Rh1 41.Kd3 Rf1 42.Ke4 Re1+ 43.Kf4 Be3+ 44.Kg3 Rg1+ 45.Rg2 Rxg2+ 46.
Kxg2 Kf6 47.Bc2 b4 48.Be4 Kg5 49.Bc6 f5 50.Bd7 e5 51.Kg3 Bf4+ 52.Kg2 Bd2 
53.Kg3 Be1+ 54.Kg2 Kf4 55.Bc6 g5 56.h3 Bc3 57.Kf2 Bd4+ 58.Ke2 h5 59.Bd7 g4
60.fxg4 hxg4 61.hxg4 Kxg4 62.Kd3 Kf4 63.Bc6 Bc5 64.Bh1 e4+ 65.Ke2 Ke5 66.
Bg2 f4 67.Bh3 f3+ 68.Ke1 e3 69.Bg4 Kf4 70.Be6 Ke4 71.Bc4 Kd4 72.Bb5 e2 73.
Kd2 Be7 74.Ke1 Ke3 75.a4 Bh4# 0-1

[Event "1994/95 Cepacol Australian Open"]
[Site "Kings Perth Hotel"]
[Date "1995.01.08"]
[Round "9"]
[White "Chai, Patrick"]
[Black "Dix, Peter"]
[Result "1/2-1/2"]
[WhiteElo "1632"]
[BlackElo "1787"]

1.e4 c5 2.Nf3 d6 3.d4 cxd4 4.Nxd4 Nf6 5.Nc3 Nc6 6.Bg5 e6 7.Qd2 a6 8.O-O-O 
h6 9.Be3 Bd7 10.f3 b5 11.Nxc6 Bxc6 12.Kb1 Be7 13.Ne2 Qc7 14.Nd4 d5 15.Qc3 
Rc8 16.Qxc6+ Qxc6 17.Nxc6 Rxc6 18.exd5 Nxd5 19.Bf2 O-O 20.Bd3 Nf6 1/2-1/2

[Event "1994/95 Cepacol Australian Open"]
[Site "Kings Perth Hotel"]
[Date "1995.01.08"]
[Round "9"]
[White "Paxman, Jonathan"]
[Black "Meyer, Paul"]
[Result "1-0"]
[WhiteElo "1612"]
[BlackElo "1805"]

1.c4 e5 2.Nc3 g6 3.g3 Bg7 4.Bg2 Nc6 5.e3 d6 6.Nge2 Be6 7.d3 Nge7 8.a3 O-O 
9.Bd2 d5 10.b3 e4 11.cxd5 Bxd5 12.dxe4 Be6 13.O-O Ne5 14.f4 Ng4 15.h3 Nh6 
16.Rc1 Qd3 17.Qc2 Rad8 18.Nd5 Qxe2 19.Nxe7+ Kh8 20.Nd5 c6 21.Rf2 Qh5 22.f5
Nxf5 23.Nf4 Qg5 24.Nxe6 fxe6 25.exf5 Rxd2 26.Qxd2 Rd8 27.Qe2 exf5 28.Rd1 
Re8 29.Rd7 Be5 30.Qd2 Bxg3 31.Rf3 Be5 32.e4 Qh4 33.exf5 Ba1 34.fxg6 hxg6 
35.Rdf7 Re1+ 36.Rf1 Bd4+ 37.Kh1 Re6 38.Qf4 1-0

[Event "1994/95 Cepacol Australian Open"]
[Site "Kings Perth Hotel"]
[Date "1995.01.08"]
[Round "9"]
[White "Ninchich, Milan"]
[Black "Stannard, Vernon"]
[Result "1-0"]
[WhiteElo "1563"]
[BlackElo "1639"]

1.e4 e5 2.Nf3 Nf6 3.Nxe5 d6 4.Nf3 Nxe4 5.d3 Nf6 6.Be2 d5 7.O-O Bd6 8.Re1 
O-O 9.Bg5 Nbd7 10.Nc3 c6 11.d4 Qb6 12.Na4 Qa5 13.b3 Ne4 14.Bc1 Ndf6 15.Ne5
Bb4 16.Rf1 Nc3 17.Nxc3 Bxc3 18.Rb1 Qxa2 19.Be3 Qa5 20.h4 Qc7 21.g4 Bb4 22.
Kg2 Bd6 23.f4 Ne4 24.Qe1 f6 25.Nd3 b6 26.Ra1 Qd7 27.Nf2 Qe7 28.Bf3 f5 29.
g5 a5 30.Nd3 Ba6 31.Rg1 Bb4 32.Nxb4 Qxb4 33.Qxb4 axb4 34.Rge1 Rf7 35.Ra4 
Rfa7 36.Rxb4 b5 37.c4 bxc4 38.Ra1 Bb5 1-0

[Event "1994/95 Cepacol Australian Open"]
[Site "Kings Perth Hotel"]
[Date "1995.01.08"]
[Round "9"]
[White "Fonteneau, Andrew"]
[Black "Lilly, Richard"]
[Result "0-1"]
[WhiteElo "1482"]
[BlackElo "1830"]

1.e4 c5 2.Nf3 d6 3.d4 cxd4 4.Nxd4 Nf6 5.Nc3 e6 6.Be3 Be7 7.f3 a6 8.Qd2 O-O
9.g4 b5 10.O-O-O Bb7 11.g5 Nfd7 12.h4 b4 13.Na4 Qa5 14.b3 Nc6 15.Kb1 Rac8 
16.h5 Nde5 17.Qf2 Qc7 18.Nb2 Nxd4 19.Rxd4 f5 20.gxf6 Rxf6 21.Rh3 Ng4 22.
Rc4 Nxf2 23.Rxc7 Rxc7 24.Bxf2 Bxe4 25.Bxa6 Bxc2+ 26.Ka1 Be4 27.Rh1 Rxf3 
28.Bb6 Rc2 29.Re1 Bf6 0-1